| 000 | 00552nam a2200145Ia 4500 | ||
|---|---|---|---|
| 008 | 170221s9999 xx 000 0 und d | ||
| 100 | _aIsaac Terungwa Terwase | ||
| 245 | 4 | _aThe Issues behind Agitations, Conflict and War: A Case of Nigeria | |
| 245 | _cIsaac Terungwa Terwase, Hindatu Maigari Yerima, Asmat-Nizam Abdul-Talib, Muhammad Bello Ibrahim | ||
| 260 | _bInternational Review of Management and Marketing | ||
| 260 | _c2017 | ||
| 300 | _a7 : 1 | ||
| 650 | _xMarketing. | ||
| 856 | _uhttp://www.econjournals.com/index.php/irmm/issue/view/91 | ||
| 999 |
_c312353 _d312353 |
||